[Event "for NEW players (#28) - 10d+1d/m"]
[Site "SchemingMind.com"]
[Date "2010.09.21"]
[Round "-"]
[White "LeoChess"]
[Black "stonefly"]
[Result "0-1"]
[WhiteCountry "USA"]
[BlackCountry "SCO"]
[WhiteElo "1350"]
[WhiteRD "141"]
[BlackElo "1289"]
[BlackRD "124"]
[GameID "260953"]

1. e4 c5 2. f4 d5 3. exd5 Qxd5 4. Nf3 Nf6 5. g3 Nc6 6. Nc3 Qd8 7. Bb5 Bd7 8. Nh4 e5 9. fxe5 Nxe5 10. Nf5 a6
11. Bxd7+ Qxd7 12. Ne3 Be7 13. O-O O-O 14. Rf5 Neg4 15. Qf3 b5 16. Ncd5 Nxe3 17. Nxe7+ Qxe7
0-1

[Event "for NEW players (#28) - 10d+1d/m"]
[Site "SchemingMind.com"]
[Date "2010.09.21"]
[Round "-"]
[White "stonefly"]
[Black "LeoChess"]
[Result "0-1"]
[WhiteCountry "SCO"]
[BlackCountry "USA"]
[WhiteElo "1289"]
[WhiteRD "124"]
[BlackElo "1350"]
[BlackRD "141"]
[GameID "260955"]

1. e4 e5 2. Nf3 Nc6 3. Bb5 a6 4. Bxc6 dxc6 5. d3 Bg4 6. Nc3 Bb4 7. Bd2 Nf6 8. h3 Bxc3 9. Bxc3 Bh5 10. Qe2 O-O
11. O-O-O Re8 12. g4 Bg6 13. d4 Nxe4 14. Bb4 exd4 15. Rxd4 Qf6 16. Rhd1 Nc3 17. Bxc3 Rxe2
0-1

[Event "for NEW players (#28) - 10d+1d/m"]
[Site "SchemingMind.com"]
[Date "2010.09.21"]
[Round "-"]
[White "cilpa"]
[Black "LeoChess"]
[Result "0-1"]
[WhiteCountry "BLR"]
[BlackCountry "USA"]
[WhiteElo "1393"]
[WhiteRD "174"]
[BlackElo "1330"]
[BlackRD "158"]
[GameID "260956"]

1. e4 Nc6 2. Nf3 e5 3. Bc4 Nf6 4. d4 exd4 5. e5 Ne4 6. Bd5 Bb4+ 7. c3 dxc3 8. bxc3 Bxc3+ 9. Nxc3 Nxc3 10. Bxf7+ Kxf7
11. Qb3+ d5 12. Qxc3 d4 13. Qb3+ Be6 14. Qxb7 Na5 15. Qa6 c6 16. Ng5+ Ke7 17. Ne4 h6 18. O-O Bc4 19. Ba3+ Ke6 20. Nc5+ Kd5
21. Nb7 Qc7 22. Qxa5+ Qxa5 23. Nxa5 Bxf1 24. Kxf1 Kxe5 25. Nxc6+ Kd5 26. Ne7+ Kc4 27. Rc1+ Kd3 28. Nf5 Rad8 29. Nxg7 Kd2
0-1

[Event "for NEW players (#28) - 10d+1d/m"]
[Site "SchemingMind.com"]
[Date "2010.09.23"]
[Round "-"]
[White "Odinson"]
[Black "stonefly"]
[Result "1-0"]
[WhiteCountry "USA"]
[BlackCountry "SCO"]
[WhiteElo "1695"]
[WhiteRD "146"]
[BlackElo "1411"]
[BlackRD "153"]
[GameID "260965"]

1. e4 e6 2. d4 d5 3. e5 Nc6 4. Bb5 Bd7 5. c3 f6 6. f4 Be7 7. Nf3 Nh6 8. O-O O-O 9. Na3 a6 10. Bd3 f5
11. Ng5 Bxg5 12. fxg5 Ng4 13. h3 Ne3 14. Bxe3 Ne7 15. g4 Ng6 16. gxf5 exf5 17. Qc2 Nh4 18. Qf2 f4 19. Bxf4 Nf5 20. Qf3 Nh4
21. Qxd5+ Kh8 22. Qe4 Bf5 23. Qe2 Bxh3 24. Qh5 Bxf1 25. Rxf1 Nf5 26. Bd2
1-0

[Event "for NEW players (#28) - 10d+1d/m"]
[Site "SchemingMind.com"]
[Date "2010.09.22"]
[Round "-"]
[White "Odinson"]
[Black "LeoChess"]
[Result "0-1"]
[WhiteCountry "USA"]
[BlackCountry "USA"]
[WhiteElo "1695"]
[WhiteRD "146"]
[BlackElo "1330"]
[BlackRD "158"]
[GameID "260966"]

1. e4 e5 2. f4 Nc6 3. Nf3 d6 4. Bc4 Bg4 5. c3 Nf6 6. Qb3 Bh5 7. O-O Be7 8. fxe5 Nxe5 9. Nxe5 dxe5 10. Rf5 O-O
11. Rxe5 Bd6 12. Rf5 Bxh2+ 13. Kxh2 Ng4+ 14. Kh3 g6 15. Bxf7+ Kh8 16. c4 gxf5 17. Qc3+ Nf6 18. Bxh5 Qd7 19. exf5 Qxf5+ 20. Bg4 Qxg4+
21. Kh2 Qh4+ 22. Kg1 Rae8 23. g3 Qe4 24. d3 Qf3 25. Bf4 Re2 26. Qd4 Qg2#
0-1

[Event "for NEW players (#28) - 10d+1d/m"]
[Site "SchemingMind.com"]
[Date "2010.09.21"]
[Round "-"]
[White "stonefly"]
[Black "Odinson"]
[Result "0-1"]
[WhiteCountry "SCO"]
[BlackCountry "USA"]
[WhiteElo "1411"]
[WhiteRD "153"]
[BlackElo "1695"]
[BlackRD "146"]
[GameID "260968"]

1. d4 f5 2. c4 g6 3. Nc3 Nf6 4. Bf4 Bg7 5. Nf3 O-O 6. e3 d6 7. d5 e5 8. dxe6 Bxe6 9. Nd4 Bf7 10. Bd3 Nh5
11. Qf3 Nxf4 12. Qxf4 Nd7 13. O-O-O Nb6 14. h4 Nxc4 15. Bxc4 Bxc4 16. g4 fxg4 17. Qg3 c5 18. Nde2 Bxe2 19. Rxd6 Qa5 20. a3 Bxc3
21. Rd7 Rad8 22. Rxb7 Bd2+ 23. Kb1 Bf3 24. Rg1 Qa4 25. Re7 Rf7 26. Rxf7 Qe4+
0-1

[Event "for NEW players (#28) - 10d+1d/m"]
[Site "SchemingMind.com"]
[Date "2010.09.21"]
[Round "-"]
[White "LeoChess"]
[Black "Odinson"]
[Result "0-1"]
[WhiteCountry "USA"]
[BlackCountry "USA"]
[WhiteElo "1330"]
[WhiteRD "158"]
[BlackElo "1695"]
[BlackRD "146"]
[GameID "260969"]

1. e4 d5 2. e5 d4 3. Nf3 Nc6 4. c3 Bg4 5. Bb5 Qd5 6. c4 Qe4+ 7. Qe2 Bxf3 8. gxf3 Qxe2+ 9. Kxe2 O-O-O 10. f4 d3+
11. Ke1 Nb4 12. Ba4 Rd4 13. a3 Na6 14. b3 Rxf4 15. Bb2 e6 16. Rg1 g6 17. Nc3 Nc5 18. Rg3 Bg7 19. Re3 Nh6 20. Rg3 Bxe5
21. Re3 Bd4 22. Rh3 Bxf2+ 23. Kf1 Bh4+ 24. Kg1 Nf5 25. Rf1 Rxf1+ 26. Kxf1 g5 27. Ne4 Nxe4 28. Bxh8 f6 29. Rxd3 g4 30. Bd7+ Kb8
31. Bxe6 Nfd6 32. Rd4 a6 33. d3 Nd2+ 34. Kg2 Nxb3 35. Rxg4 Bg5 36. d4 h5 37. Rg3 Na5 38. c5 Nb5 39. a4 Nxd4 40. Rxg5 Nxe6
41. Rxh5 Nf4+
0-1

[Event "for NEW players (#28) - 10d+1d/m"]
[Site "SchemingMind.com"]
[Date "2010.09.21"]
[Round "-"]
[White "krysto"]
[Black "stonefly"]
[Result "1-0"]
[WhiteCountry "MEX"]
[BlackCountry "SCO"]
[WhiteElo "1797"]
[WhiteRD "108"]
[BlackElo "1411"]
[BlackRD "153"]
[GameID "260989"]

1. e4 c5 2. Nf3 d6 3. d4 Nc6 4. Nc3 Nf6 5. Be3 e5 6. dxe5 dxe5 7. Qxd8+ Nxd8 8. Nxe5 Bd6 9. Bb5+ Bd7 10. Nxd7 Nxd7
11. O-O-O O-O 12. Rxd6 Ne5 13. Bxc5 Ndc6 14. Bxc6 bxc6 15. Rhd1 Nc4 16. R6d4 Ne5 17. Bxf8 Rxf8 18. Rd8 Rxd8 19. Rxd8#
1-0

[Event "for NEW players (#28) - 10d+1d/m"]
[Site "SchemingMind.com"]
[Date "2010.09.21"]
[Round "-"]
[White "krysto"]
[Black "LeoChess"]
[Result "1-0"]
[WhiteCountry "MEX"]
[BlackCountry "USA"]
[WhiteElo "1797"]
[WhiteRD "108"]
[BlackElo "1330"]
[BlackRD "158"]
[GameID "260990"]

1. e4 Nc6 2. Nf3 e5 3. Bb5 a6 4. Ba4 Nf6 5. O-O Bc5 6. Re1 O-O 7. c3 d5 8. d3 dxe4 9. dxe4 Qxd1 10. Rxd1 Nxe4
11. Bxc6 Bxf2+ 12. Kf1 bxc6 13. Nbd2 Nxd2+ 14. Bxd2 Ba7 15. Nxe5 c5 16. c4 Bb7 17. Ba5 c6 18. Rd7 Bb8 19. Bc7 Bxc7 20. Rxc7 Bc8
21. Rxc6 Re8 22. Rxc5 Ra7 23. Rd1 h6 24. Re1 Be6 25. b3 Rae7 26. Kf2 Kh7 27. Nf3 f5 28. Rce5 f4 29. Nd4 Bxc4 30. Rxe7
1-0

[Event "for NEW players (#28) - 10d+1d/m"]
[Site "SchemingMind.com"]
[Date "2010.09.21"]
[Round "-"]
[White "krysto"]
[Black "cilpa"]
[Result "1-0"]
[WhiteCountry "MEX"]
[BlackCountry "BLR"]
[WhiteElo "1797"]
[WhiteRD "108"]
[BlackElo "1393"]
[BlackRD "174"]
[GameID "260991"]

1. e4 Nf6 2. e5 Nd5 3. d4 d6 4. Nf3 Bg4 5. Be2 e6 6. O-O Be7 7. c4 Nb6 8. Nc3 O-O 9. b3 Nc6 10. a3 dxe5
11. Nxe5 Nxe5 12. Bxg4
1-0

[Event "for NEW players (#28) - 10d+1d/m"]
[Site "SchemingMind.com"]
[Date "2010.09.21"]
[Round "-"]
[White "krysto"]
[Black "Odinson"]
[Result "1/2-1/2"]
[WhiteCountry "MEX"]
[BlackCountry "USA"]
[WhiteElo "1797"]
[WhiteRD "108"]
[BlackElo "1695"]
[BlackRD "146"]
[GameID "260992"]

1. e4 d5 2. exd5 Qxd5 3. Nc3 Qa5 4. d4 Nf6 5. Bd2 c6 6. Nf3 Bf5 7. Be2 e6 8. O-O Be7 9. Ne4 Qc7 10. Ng3 Bg6
11. c3 O-O 12. Bg5 Nd5 13. Bxe7 Qxe7 14. Ne5 Nf4 15. Nxg6 Nxe2+ 16. Qxe2 hxg6 17. Rad1 Rd8 18. Rd3 Na6 19. Re1 Nc7 20. Ne4 Nd5
21. g3 b6 22. a3 Nf6 23. Nxf6+ gxf6 24. Rf3 f5 25. Re3 g5 26. Qh5 Qf6 27. Kg2 g4 28. Re5 Kg7 29. f4 Rh8 30. Qg5+ Qg6
31. Qxg6+ Kxg6 32. Rh1 Rh3 33. c4 Rah8 34. b4 Kf6 35. d5 cxd5 36. cxd5 Ke7 37. dxe6 fxe6 38. Ree1 Kd6 39. Rd1+ Kc6 40. a4 a6
41. Rc1+ Kd5 42. Rhd1+ Ke4 43. Rc4+ Ke3 44. Rc3+ Ke4 45. Rc4+= Ke3 46. Rc3+ Ke4 47. Rc4+= Ke3 48. Rc3+=
1/2-1/2

[Event "for NEW players (#28) - 10d+1d/m"]
[Site "SchemingMind.com"]
[Date "2010.09.21"]
[Round "-"]
[White "stonefly"]
[Black "krysto"]
[Result "0-1"]
[WhiteCountry "SCO"]
[BlackCountry "MEX"]
[WhiteElo "1411"]
[WhiteRD "153"]
[BlackElo "1797"]
[BlackRD "108"]
[GameID "260993"]

1. d4 e6 2. c4 d5 3. e3 Nf6 4. Nc3 c5 5. Nf3 Nc6 6. Bd3 dxc4 7. Bxc4 cxd4 8. exd4 Be7 9. Bf4 O-O 10. Qe2 Nxd4
11. Nxd4 Qxd4 12. Be5 Qb6 13. b3 Nd5 14. Rc1 Nxc3
0-1

[Event "for NEW players (#28) - 10d+1d/m"]
[Site "SchemingMind.com"]
[Date "2010.09.21"]
[Round "-"]
[White "LeoChess"]
[Black "krysto"]
[Result "0-1"]
[WhiteCountry "USA"]
[BlackCountry "MEX"]
[WhiteElo "1330"]
[WhiteRD "158"]
[BlackElo "1797"]
[BlackRD "108"]
[GameID "260994"]

1. e4 e6 2. Nf3 d5 3. c3 c5 4. Bb5+ Nc6 5. d4 a6 6. Qa4 Bd7 7. Ne5 axb5 8. Nxc6 bxc6 9. Qd1 cxd4 10. exd5 cxd5
11. Qxd4 Nf6 12. Bg5 Be7 13. O-O Rc8 14. Nd2 O-O 15. Rfe1 h6 16. Bh4 Nh7 17. Bg3 Bc5 18. Qf4 Qg5 19. Qf3 Qxd2 20. Re2 Qg5
21. b4 Bb6 22. Bf4 Qe7 23. Rd1 Ng5 24. Bxg5 Qxg5 25. g3 Rc4 26. Rde1 Re4 27. Rxe4 dxe4 28. Qxe4 Qd5 29. Qe2 Ra8 30. Rd1 Qc6
31. Qd3 Rd8 32. a3 Qd5 33. Qc2 Qa8 34. Qb3 Bc6 35. Rf1 Bh1
0-1

[Event "for NEW players (#28) - 10d+1d/m"]
[Site "SchemingMind.com"]
[Date "2010.09.21"]
[Round "-"]
[White "cilpa"]
[Black "krysto"]
[Result "0-1"]
[WhiteCountry "BLR"]
[BlackCountry "MEX"]
[WhiteElo "1393"]
[WhiteRD "174"]
[BlackElo "1797"]
[BlackRD "108"]
[GameID "260995"]

1. e4 e6 2. d4 d5 3. e5 c5 4. c3 Nc6 5. Nf3 Qb6 6. Bd3 Bd7 7. O-O cxd4 8. cxd4 Nxd4 9. Nxd4 Qxd4 10. Nc3 Qxe5
11. Re1 Qc7 12. Nb5 Qd8 13. Bf4 Bxb5
0-1

[Event "for NEW players (#28) - 10d+1d/m"]
[Site "SchemingMind.com"]
[Date "2010.09.22"]
[Round "-"]
[White "Odinson"]
[Black "krysto"]
[Result "1-0"]
[WhiteCountry "USA"]
[BlackCountry "MEX"]
[WhiteElo "1695"]
[WhiteRD "146"]
[BlackElo "1797"]
[BlackRD "108"]
[GameID "260996"]

1. e4 e6 2. d4 d5 3. e5 c5 4. Bb5+ Nc6 5. f4 Qb6 6. Bxc6+ bxc6 7. Nf3 Ba6 8. Nc3 Ne7 9. Na4 Qb4+ 10. Nc3 Nf5
11. a3 Qb7 12. Na4 cxd4 13. Nxd4 Nxd4 14. Qxd4 Qb5 15. Nc3 Qb7 16. b3 Be7 17. Bb2 O-O 18. O-O-O c5 19. Qf2 c4 20. b4 Bb5
21. Nxb5 Qxb5 22. g4 a5 23. c3 axb4 24. cxb4 f6 25. Qe3 Ra6 26. Kc2 f5 27. gxf5 Rxf5 28. Rhg1 Ra8 29. Qg3 g6 30. h4 Qa4+
31. Kc1 Raf8 32. Qg4 Kh8 33. Rg2 Rxf4 34. Qxe6 Qe8 35. Qxd5 Rxh4 36. e6+ Bf6 37. Bxf6+ Rxf6 38. Re2 Rf5 39. Qd7 Rf8 40. Qxe8 Rxe8
41. e7 c3 42. Rd8
1-0

[Event "for NEW players (#28) - 10d+1d/m"]
[Site "SchemingMind.com"]
[Date "2010.09.23"]
[Round "-"]
[White "pclaxton"]
[Black "stonefly"]
[Result "1-0"]
[WhiteCountry "ENG"]
[BlackCountry "SCO"]
[WhiteElo "1300"]
[WhiteRD "64"]
[BlackElo "1289"]
[BlackRD "124"]
[GameID "261143"]

1. e4 e6 2. d3 d5 3. e5 Nc6 4. f4 Bc5 5. Nc3 Nge7 6. Na4 b6 7. Qg4 g6 8. c3 d4 9. Nf3 Bb7 10. b4 dxc3
11. bxc5 Nd5 12. cxb6 cxb6 13. Kd1 Ndb4 14. Nb2 Na5 15. a3 Nd5 16. Na4 O-O 17. h4 Rc8 18. Nd4 c2+ 19. Nxc2 Nb3 20. Rb1 Nc3+
21. Nxc3 Rxc3 22. f5
1-0

[Event "for NEW players (#28) - 10d+1d/m"]
[Site "SchemingMind.com"]
[Date "2010.09.22"]
[Round "-"]
[White "pclaxton"]
[Black "LeoChess"]
[Result "1-0"]
[WhiteCountry "ENG"]
[BlackCountry "USA"]
[WhiteElo "1381"]
[WhiteRD "144"]
[BlackElo "1300"]
[BlackRD "230"]
[GameID "261144"]

1. Nf3 c5 2. d4 e6 3. dxc5 Bxc5 4. e3 a6 5. Nc3 Nc6 6. Na4 Qa5+ 7. Bd2 Qxa4 8. Bc3 Bb4 9. a3 Bxc3+ 10. bxc3 Nf6
11. g3 O-O 12. Ng5 Nd5 13. Qd3 Ne5 14. Qxh7#
1-0

[Event "for NEW players (#28) - 10d+1d/m"]
[Site "SchemingMind.com"]
[Date "2010.09.22"]
[Round "-"]
[White "pclaxton"]
[Black "Odinson"]
[Result "0-1"]
[WhiteCountry "ENG"]
[BlackCountry "USA"]
[WhiteElo "1287"]
[WhiteRD "88"]
[BlackElo "1695"]
[BlackRD "146"]
[GameID "261146"]

1. Nc3 f5 2. d3 g6 3. e4 fxe4 4. dxe4 Bg7 5. f3 d6 6. Qd5 Nf6 7. Qg5 O-O 8. Bc4+ e6 9. Nh3 Nc6 10. Nf4 Qe7
11. Nb5 Na5 12. b3 Nxc4 13. bxc4 c6 14. Nd4 e5 15. Nxg6 hxg6 16. Ne2 Qf7 17. O-O Bd7 18. Rd1 Ne8 19. Ba3 c5 20. Rab1 b6
21. Ng3 Be6 22. Bc1 Bxc4 23. f4 exf4 24. Bxf4 Qxf4 25. Qd5+ Bxd5 26. exd5 Qf2+ 27. Kh1 Qxc2 28. Ra1 Bxa1 29. Rxa1 Rf2 30. Rg1 Nf6
31. Nf1 Ng4 32. h3 Rxf1 33. Rxf1 Ne3 34. Rf3 Qxg2#
0-1

[Event "for NEW players (#28) - 10d+1d/m"]
[Site "SchemingMind.com"]
[Date "2010.09.22"]
[Round "-"]
[White "pclaxton"]
[Black "krysto"]
[Result "0-1"]
[WhiteCountry "ENG"]
[BlackCountry "MEX"]
[WhiteElo "1287"]
[WhiteRD "88"]
[BlackElo "1797"]
[BlackRD "108"]
[GameID "261147"]

1. e4 e6 2. d3 d5 3. c4 d4 4. b3 e5 5. Nf3 Nc6 6. Bd2 f5 7. Bg5 Nf6 8. h3 fxe4 9. dxe4 Be7 10. Bxf6 Bb4+
11. Nfd2 gxf6 12. a3 Be7 13. a4 Bb4 14. Na3 f5 15. f3 Qg5 16. Ra2 f4 17. Nc2 Be6 18. Nxb4 Nxb4 19. Rb2 O-O-O 20. c5 d3
21. Nc4 Qg3+ 22. Rf2 d2+ 23. Ke2 Bxc4+ 24. bxc4 Nd3 25. Qxd2 Qxf2+ 26. Kd1 Nb2+
0-1

[Event "for NEW players (#28) - 10d+1d/m"]
[Site "SchemingMind.com"]
[Date "2010.09.23"]
[Round "-"]
[White "stonefly"]
[Black "pclaxton"]
[Result "0-1"]
[WhiteCountry "SCO"]
[BlackCountry "ENG"]
[WhiteElo "1289"]
[WhiteRD "124"]
[BlackElo "1300"]
[BlackRD "64"]
[GameID "261148"]

1. d4 e6 2. c4 d5 3. Bf4 dxc4 4. Nc3 Bd6 5. e3 Bxf4 6. exf4 g5 7. Bxc4 gxf4 8. Nf3 Nc6 9. Qe2 Nxd4 10. Nxd4 Qxd4
11. O-O a6 12. Na4 b5 13. Rad1 Qg7 14. Qd3 Bb7 15. Qd7+ Kf8 16. f3 bxc4 17. Qxc7 Bd5 18. Nc5 c3 19. bxc3 Qxc3 20. Nd7+ Kg7
21. Qxc3+ f6
0-1

[Event "for NEW players (#28) - 10d+1d/m"]
[Site "SchemingMind.com"]
[Date "2010.09.22"]
[Round "-"]
[White "LeoChess"]
[Black "pclaxton"]
[Result "1/2-1/2"]
[WhiteCountry "USA"]
[BlackCountry "ENG"]
[WhiteElo "1300"]
[WhiteRD "230"]
[BlackElo "1381"]
[BlackRD "144"]
[GameID "261149"]

1. e4 e5 2. Nf3 d6 3. d4 Nf6 4. dxe5 dxe5 5. Qxd8+ Kxd8 6. Bg5 h6 7. Bxf6+ gxf6 8. Bc4 Be6 9. Bxe6 fxe6 10. O-O Nc6
11. c3 Bc5 12. a4 Rb8 13. b4 Bxb4 14. cxb4 Nxb4 15. Nc3 Ke7 16. Nb5 Rh7 17. Nxa7 Rg8 18. Nh4 Rhg7 19. Rab1 Nc2 20. Rxb7 Kf8
21. Nc6 Rg4 22. Rc1 Na3 23. Ra1 Nc2 24. Rc1 Nd4 25. Rxc7 Ne2+ 26. Kh1 Nxc1 27. a5 Rxe4 28. g3 Nd3 29. a6 Re1+ 30. Kg2 Nc5
31. a7 Ra1 32. Nd8 Ke8 33. Rc8 Rxa7 34. Nxe6+ Kd7 35. Rxg8 Kxe6 36. Rh8 Nd3 37. Rxh6 Ra2 38. Kf3 Ra3 39. Kg2=
1/2-1/2

[Event "for NEW players (#28) - 10d+1d/m"]
[Site "SchemingMind.com"]
[Date "2010.09.22"]
[Round "-"]
[White "Odinson"]
[Black "pclaxton"]
[Result "1-0"]
[WhiteCountry "USA"]
[BlackCountry "ENG"]
[WhiteElo "1695"]
[WhiteRD "146"]
[BlackElo "1287"]
[BlackRD "88"]
[GameID "261151"]

1. e4 e5 2. f4 d6 3. Nf3 exf4 4. d4 Qf6 5. Bc4 c5 6. O-O Be6 7. Bxe6 Qxe6 8. Bxf4 f6 9. e5 cxd4 10. exd6 Bxd6
11. Re1 Be5 12. Bxe5 fxe5 13. Rxe5 Qxe5 14. Nxe5 Nc6 15. Nxc6 bxc6 16. Qxd4 Rd8 17. Qe4+ Ne7 18. Nc3 g6 19. Re1 Rd7 20. Qxc6 Rf8
21. Nd5 Rf7 22. Nxe7 Rxe7 23. Rxe7+ Kxe7 24. Qc5+ Kd8 25. c3 Rd2 26. Qg5+ Kc7 27. Qxd2 a5 28. Qh6 Kb6 29. Qxh7 g5 30. Qg6+ Kb5
31. Qxg5+ Ka6 32. c4 a4 33. Qb5+ Ka7 34. c5 a3 35. b3 Ka8 36. c6 Ka7 37. c7 Ka8 38. c8=Q+ Ka7 39. Qcb8#
1-0

[Event "for NEW players (#28) - 10d+1d/m"]
[Site "SchemingMind.com"]
[Date "2010.09.22"]
[Round "-"]
[White "krysto"]
[Black "pclaxton"]
[Result "1-0"]
[WhiteCountry "MEX"]
[BlackCountry "ENG"]
[WhiteElo "1797"]
[WhiteRD "108"]
[BlackElo "1287"]
[BlackRD "88"]
[GameID "261152"]

1. e4 e6 2. d4 d5 3. Nc3 f5 4. Nf3 fxe4 5. Ne5 Bd6 6. Be3 Qf6 7. Ng4 Qf5 8. h3 Nf6 9. Nxf6+ gxf6 10. Nb5 a6
11. Nxd6+ cxd6 12. Be2 Rg8 13. Bg4 Qg6 14. Bh5 Qxh5 15. Qxh5+ Kd7 16. Qf7+ Kc6 17. Qxg8 Nd7 18. Qxe6 Nf8 19. Qxf6 Nd7 20. Qd8 b5
21. O-O Bb7 22. Qa5 h5 23. c4 bxc4 24. b3 Bc8 25. b4 Rb8 26. Qa4+ Kc7 27. f3 Nb6 28. Qd1 Bf5 29. fxe4 Bxe4 30. Rf7+ Kc6
31. a4 Rg8 32. b5+ axb5 33. axb5+ Kxb5 34. Ra2 c3 35. Qb3+ Kc6 36. Qxc3+ Nc4 37. Qb4 Rxg2+ 38. Rxg2 Bxg2 39. Qb7#
1-0